| 000 | 00920nam a2200253 a 4500 | ||
|---|---|---|---|
| 001 | 000021713 | ||
| 003 | DO-SdBNP | ||
| 005 | 20240619095657.0 | ||
| 008 | 100910s1998 dr 000 0 spa d | ||
| 040 |
_aDO-SdBNP _bspa _cBNPHU |
||
| 082 | 4 |
_a972.9365 _bP419c _222 |
|
| 100 | 1 |
_aPenzo Devers, Gregorio Elias _945151 |
|
| 245 | 1 | 0 |
_aCompendio de la historia de Samaná 1493 - 1930 / _cGregorio Elias Penzo Devers. |
| 260 |
_aSanto Domingo : _bAlfa y Omega, _c1998. |
||
| 300 |
_av. : _bretrs. ; _c21 cm. |
||
| 500 | _aLa biblioteca posee el volumen 1 | ||
| 504 | _aBibliografías : p. 367-371 | ||
| 590 | _aInventariado, 2019/MFF | ||
| 650 | 4 |
_aCiudades y pueblos _zRepública Dominicana _9784 |
|
| 650 | 4 |
_aSamaná (República Dominicana) _xVida social y costumbres _945152 |
|
| 651 | 4 |
_aSamaná (República Dominicana) _xHistoria local _913085 |
|
| 910 | _aValidado. Control de calidad MMOLINA | ||
| 942 |
_2ddc _cLBS1 |
||
| 999 |
_c21212 _d21212 |
||